名前に「大」を含む市 - Statistics

General Stats
  • This quiz has been taken 46 times
  • The average score is 26 of 31
Answer Stats
都道府県 市名 % Correct
大阪府 大阪市
100%
大分県 大分市
100%
大阪府 東大阪市
97%
秋田県 大仙市
95%
福井県 大野市
95%
滋賀県 大津市
95%
秋田県 大館市
92%
神奈川県 大和市
92%
福岡県 大野城市
92%
島根県 大田市
90%
岩手県 大船渡市
87%
大阪府 大阪狭山市
87%
奈良県 大和郡山市
87%
長崎県 大村市
87%
宮城県 大崎市
85%
東京都 東大和市
85%
山梨県 大月市
85%
奈良県 大和高田市
85%
福岡県 大川市
85%
長野県 大町市
82%
大阪府 泉大津市
82%
福岡県 大牟田市
82%
栃木県 大田原市
79%
岐阜県 大垣市
79%
大阪府 大東市
79%
愛媛県 大洲市
79%
大分県 豊後大野市
77%
千葉県 大網白里市
74%
茨城県 常陸大宮市
72%
広島県 大竹市
72%
愛知県 大府市
69%
No matching quizzes found
Score Distribution
Percent of People with Each Score
Percentile by Number Answered
Your Score History
You have not taken this quiz